MARC details
| 000 -CABECERA |
| campo de control de longitud fija |
01250nam a2200289 a 4500 |
| 003 - IDENTIFICADOR DEL NÚMERO DE CONTROL |
| campo de control |
MX-MxUPN |
| 005 - FECHA Y HORA DE LA ÚLTIMA TRANSACCIÓN |
| campo de control |
20230418063507.0 |
| 008 - ELEMENTOS DE LONGITUD FIJA--INFORMACIÓN GENERAL |
| campo de control de longitud fija |
220920s2020 mx bo|||r|||| 000 0 spa d |
| 020 ## - NÚMERO INTERNACIONAL NORMALIZADO PARA LIBROS |
| Número Internacional Estándar del Libro |
9788418080692 |
| 040 ## - FUENTE DE LA CATALOGACIÓN |
| Centro catalogador/agencia de origen |
MX-MxUPN |
| Lengua de catalogación |
spa |
| Centro/agencia transcriptor |
MX-MxUPN |
| 041 0# - CÓDIGO DE IDIOMA |
| Código de lengua del texto/banda sonora o título independiente |
spa |
| 050 14 - SIGNATURA TOPOGRÁFICA DE LA BIBLIOTECA DEL CONGRESO |
| Número de clasificación |
S589.7 |
| Número de documento/Ítem |
C76 2020 |
| 100 1# - ASIENTO PRINCIPAL--NOMBRE PERSONAL |
| Nombre de persona |
Crocker Sagastume, René |
| 9 (RLIN) |
46537 |
| 245 10 - MENCIÓN DE TÍTULO |
| Título |
Granjas-escuelas agroecológicas interculturales : |
| Resto del título |
modelo teórico para el diálogo biocultural para regenerar la vida natural |
| 260 ## - PUBLICACIÓN, DISTRIBUCIÓN, ETC. |
| Lugar de publicación, distribución, etc. |
Guadalajara, Jalisco : |
| Nombre del editor, distribuidor, etc. |
Universidad de Guadalajara |
| 260 ## - PUBLICACIÓN, DISTRIBUCIÓN, ETC. |
| Lugar de publicación, distribución, etc. |
Mezquitic, Jalisco : |
| Nombre del editor, distribuidor, etc. |
Programa Intercultural de Agroecología, Salud y Alimentación Wixárika |
| 260 ## - PUBLICACIÓN, DISTRIBUCIÓN, ETC. |
| Lugar de publicación, distribución, etc. |
Ciudad de México : |
| Nombre del editor, distribuidor, etc. |
Asociación Mexicana de Escuelas y Facultades de Medicina |
| 260 ## - PUBLICACIÓN, DISTRIBUCIÓN, ETC. |
| Lugar de publicación, distribución, etc. |
Ibiza, España : |
| Nombre del editor, distribuidor, etc. |
Fondo Editorial Universitario, |
| Fecha de publicación, distribución, etc. |
2020. |
| 300 ## - DESCRIPCIÓN FÍSICA |
| Extensión |
223 páginas : |
| Otras características físicas |
mapas, fotografías. |
| 490 0# - MENCIÓN DE SERIE |
| Mención de serie |
Educación y medicina intercultural |
| 650 #7 - ASIENTO SECUNDARIO DE MATERIA - TERMINO TEMATICO |
| Término de materia o nombre geográfico como elemento de entrada |
Ecología agrícola |
| Subdivisión general |
Estudios interculturales |
| Fuente del encabezamiento o término |
|
| 9 (RLIN) |
46540 |
| 650 #7 - ASIENTO SECUNDARIO DE MATERIA - TERMINO TEMATICO |
| Término de materia o nombre geográfico como elemento de entrada |
Granjas |
| Subdivisión general |
Aspectos ambientales |
| Subdivisión geográfica |
México |
| Fuente del encabezamiento o término |
|
| 9 (RLIN) |
46541 |
| 650 #4 - ASIENTO SECUNDARIO DE MATERIA - TERMINO TEMATICO |
| Término de materia o nombre geográfico como elemento de entrada |
Conservación de la biodiversidad |
| Subdivisión geográfica |
México |
| 9 (RLIN) |
20895 |
| 650 #7 - ASIENTO SECUNDARIO DE MATERIA - TERMINO TEMATICO |
| Término de materia o nombre geográfico como elemento de entrada |
Huicholes |
| Subdivisión general |
Condiciones económicas |
| Fuente del encabezamiento o término |
|
| 9 (RLIN) |
46542 |
| 902 ## - ELEMENTOS DE DATOS B LOCAL, LDB (RLIN) |
| Creó |
Víctor Ruiz/200922 |
| 942 ## - ELEMENTOS DE PUNTO DE ACCESO ADICIONAL (KOHA) |
| Fuente del sistema de clasificación o colocación |
Library of Congress Classification |
| Tipo de ítem Koha |
Libro |